Pixar Movies Quiz - Remix - Statistics

General Stats
  • This quiz has been taken 12 times
  • The average score is 22 of 24
Answer Stats
Year Movie % Correct
2006 Cars
100%
2011 Cars 2
100%
2017 Cars 3
100%
2001 Monsters, Inc
100%
2013 Monsters University
100%
2020 Soul
100%
1995 Toy Story
100%
1999 Toy Story 2
100%
2010 Toy Story 3
100%
2019 Toy Story 4
100%
1998 A Bug's Life
90%
2012 Brave
90%
2016 Finding Dory
90%
2003 Finding Nemo
90%
2015 Inside Out
90%
2004 The Incredibles
90%
2018 The Incredibles 2
90%
2021 Luca
80%
2020 Onward
80%
2015 The Good Dinosaur
80%
2009 Up
80%
2008 WALL-E
80%
2017 Coco
70%
2007 Ratatouille
60%
No matching quizzes found
Score Distribution
Percent of People with Each Score
Percentile by Number Answered
Your Score History
You have not taken this quiz